<?xml version='1.0' encoding='UTF-8'?>
  <record xmlns="http://www.loc.gov/MARC21/slim">
    <leader>00000cem a2200000 i 4500</leader>
    <controlfield tag="001">ocn783393336</controlfield>
    <controlfield tag="003">OCoLC</controlfield>
    <controlfield tag="005">20260117010036.2</controlfield>
    <controlfield tag="007">aj aauun</controlfield>
    <controlfield tag="008">061004s1750    ne        u     0   dut d</controlfield>
    <datafield tag="040" ind1=" " ind2=" ">
      <subfield code="a">NLGGC</subfield>
      <subfield code="b">dut</subfield>
      <subfield code="e">fobidrtb</subfield>
      <subfield code="c">NLGGC</subfield>
      <subfield code="d">OCLCO</subfield>
      <subfield code="d">OCLCF</subfield>
      <subfield code="d">OCLCA</subfield>
      <subfield code="d">OCLCO</subfield>
      <subfield code="d">OCLCL</subfield>
      <subfield code="d">OCLCQ</subfield>
    </datafield>
    <datafield tag="029" ind1="0" ind2=" ">
      <subfield code="a">NLGGC</subfield>
      <subfield code="b">297375849</subfield>
    </datafield>
    <datafield tag="034" ind1="1" ind2=" ">
      <subfield code="a">a</subfield>
      <subfield code="b">1400000</subfield>
    </datafield>
    <datafield tag="035" ind1=" " ind2=" ">
      <subfield code="a">(OCoLC)783393336</subfield>
    </datafield>
    <datafield tag="045" ind1="0" ind2=" ">
      <subfield code="b">c2000</subfield>
    </datafield>
    <datafield tag="084" ind1=" " ind2=" ">
      <subfield code="a">11.35</subfield>
      <subfield code="2">bcl</subfield>
    </datafield>
    <datafield tag="245" ind1="0" ind2="3">
      <subfield code="a">De beyde koningryken Juda en Israël, die na Salomo's dood zig van elkanderen afgescheurt hebben; benevens de overheerde landen aan elk dier beiden behorende /</subfield>
      <subfield code="c">afgebeeldt door W.A. Bachiene ; J. van Jagen mapp. sculpsit, et figur. apposit. sculpturam curavit ; S. Fokke fec.</subfield>
    </datafield>
    <datafield tag="255" ind1=" " ind2=" ">
      <subfield code="a">Schaal [ca. 1:1.400.000].</subfield>
    </datafield>
    <datafield tag="260" ind1=" " ind2=" ">
      <subfield code="a">Uitgegeven te Gorinchem :</subfield>
      <subfield code="b">by Nicolaas Goetzee,</subfield>
      <subfield code="c">1750.</subfield>
    </datafield>
    <datafield tag="300" ind1=" " ind2=" ">
      <subfield code="a">1 kaart. :</subfield>
      <subfield code="b">kopergrav. ;</subfield>
      <subfield code="c">38 x 48,5 cm.</subfield>
    </datafield>
    <datafield tag="336" ind1=" " ind2=" ">
      <subfield code="a">cartografische afbeelding</subfield>
      <subfield code="b">cri</subfield>
      <subfield code="2">rdacontent/dut</subfield>
    </datafield>
    <datafield tag="337" ind1=" " ind2=" ">
      <subfield code="a">zonder medium</subfield>
      <subfield code="b">n</subfield>
      <subfield code="2">rdamedia/dut</subfield>
    </datafield>
    <datafield tag="338" ind1=" " ind2=" ">
      <subfield code="a">vel</subfield>
      <subfield code="b">nb</subfield>
      <subfield code="2">rdacarrier/dut</subfield>
    </datafield>
    <datafield tag="500" ind1=" " ind2=" ">
      <subfield code="a">Met toelichting.</subfield>
    </datafield>
    <datafield tag="500" ind1=" " ind2=" ">
      <subfield code="a">Midden boven: N. VIII. Rechtsboven: Deze kaart in den Bybel te plaatsen by I. Kon. XII.</subfield>
    </datafield>
    <datafield tag="507" ind1=" " ind2=" ">
      <subfield code="a">Met schaalstok.</subfield>
    </datafield>
    <datafield tag="510" ind1="0" ind2=" ">
      <subfield code="a">Poortman en Augusteijn, Kaarten in Bijbels,</subfield>
      <subfield code="c">p. 260</subfield>
    </datafield>
    <datafield tag="651" ind1=" " ind2="0">
      <subfield code="a">Palestine</subfield>
      <subfield code="v">Maps</subfield>
      <subfield code="v">Early works to 1800</subfield>
      <subfield code="x">History</subfield>
      <subfield code="y">To 70 A.D.</subfield>
    </datafield>
    <datafield tag="651" ind1=" " ind2="0">
      <subfield code="a">Palestine</subfield>
      <subfield code="v">Maps</subfield>
      <subfield code="v">Early works to 1800.</subfield>
    </datafield>
    <datafield tag="651" ind1=" " ind2="7">
      <subfield code="a">Middle East</subfield>
      <subfield code="z">Palestine.</subfield>
      <subfield code="2">fast</subfield>
      <subfield code="0">(OCoLC)fst01207534</subfield>
      <subfield code="1">https://id.oclc.org/worldcat/entity/E39PBJbGRpdjCJGRyrXqt8rTHC</subfield>
    </datafield>
    <datafield tag="651" ind1=" " ind2="7">
      <subfield code="a">Juda (koninkrijk)</subfield>
      <subfield code="2">gtt</subfield>
      <subfield code="0">(NL-LeOCL)078553318</subfield>
    </datafield>
    <datafield tag="651" ind1=" " ind2="7">
      <subfield code="a">Israël (koninkrijk)</subfield>
      <subfield code="2">gtt</subfield>
      <subfield code="0">(NL-LeOCL)078550475</subfield>
    </datafield>
    <datafield tag="655" ind1=" " ind2="7">
      <subfield code="a">Early works.</subfield>
      <subfield code="2">fast</subfield>
      <subfield code="0">(OCoLC)fst01411636</subfield>
    </datafield>
    <datafield tag="655" ind1=" " ind2="7">
      <subfield code="a">History.</subfield>
      <subfield code="2">fast</subfield>
      <subfield code="0">(OCoLC)fst01411628</subfield>
    </datafield>
    <datafield tag="655" ind1=" " ind2="7">
      <subfield code="a">Maps.</subfield>
      <subfield code="2">fast</subfield>
      <subfield code="0">(OCoLC)fst01423704</subfield>
    </datafield>
    <datafield tag="700" ind1="1" ind2=" ">
      <subfield code="a">Bachiene, Willem Albert,</subfield>
      <subfield code="d">1712-1783.</subfield>
      <subfield code="1">https://id.oclc.org/worldcat/entity/E39PCjGcpRbcQgc8TRtXyXjMrm</subfield>
    </datafield>
    <datafield tag="700" ind1="1" ind2=" ">
      <subfield code="a">Jagen, J. van</subfield>
      <subfield code="q">(Jan),</subfield>
      <subfield code="c">uitgever, kaartgraveur,</subfield>
      <subfield code="d">ca. 1710-1800.</subfield>
      <subfield code="1">https://id.oclc.org/worldcat/entity/E39PBJw8TxgqQ7Hq6ktd9W3WjC</subfield>
    </datafield>
    <datafield tag="700" ind1="1" ind2=" ">
      <subfield code="a">Fokke, S.</subfield>
      <subfield code="q">(Simon),</subfield>
      <subfield code="d">1712-1784.</subfield>
      <subfield code="1">https://id.oclc.org/worldcat/entity/E39PBJmDrGD9F8vbqrJFbwB3wC</subfield>
    </datafield>
    <datafield tag="710" ind1="0" ind2=" ">
      <subfield code="a">Goetzee, Nicolaas (Gorinchem)</subfield>
      <subfield code="4">prt</subfield>
      <subfield code="0">(NL-LeOCL)080045405</subfield>
    </datafield>
    <datafield tag="758" ind1=" " ind2=" ">
      <subfield code="a">De beyde Koningryken Juda en Israel, die na Salomòs dood zig van elkanderen afgescheurt hebben, benevens de overheerde landen aan elk dier beiden behorende (CartographicMaterial)</subfield>
      <subfield code="1">https://id.oclc.org/worldcat/entity/E39PCFCVvfXfmmvtKJVQK4WxDq</subfield>
      <subfield code="4">https://id.oclc.org/worldcat/ontology/hasWork</subfield>
    </datafield>
    <datafield tag="787" ind1="1" ind2="8">
      <subfield code="i">Ook in:</subfield>
      <subfield code="t">Bybel, dat is, de gansche H. Schrift, vervattende alle de kanonyke boeken des Ouden en nieuwen Testaments.</subfield>
      <subfield code="d">Gorinchem : Nicolaas Goetzee, 1748 (en latere uitgaven, zonder vermelding van de uitgever)</subfield>
    </datafield>
    <datafield tag="936" ind1=" " ind2=" ">
      <subfield code="a">BATCHLOAD</subfield>
    </datafield>
  </record>